• 首页
  • 本馆介绍
  • 公告通知
  • 最新文献
  • 馆藏检索
  • 电子资源
  • 读者导购
  • 参考咨询
  • 我的图书馆
  • 登录
  • 详细信息显示
  • 放入我的书架
  • 预约/预借图书
  • 作者相关作品
  • 分类相关作品
  • 丛书相关作品
  • 出版社相关作品

书目信息

  • 表格格式
  • 工作单格式
  • 卡片格式
题名:
明月中天
    
 
作者: 鹤见?辅 著 ;陈秋帆 译
分册:  
出版信息: 长沙   湖南文艺出版社  1992.2
页数: 247页
开本: 19cm
丛书名: 世界名人文学传记丛书
单 册:
中图分类: K835.615.6
科图分类: 46.352
主题词: 历史 , 地理
电子资源:
ISBN: 7-5404-0894-4
000 01164nam2 2200337 45
001 0192006678
005 20040512081522.6
010    @a7-5404-0894-4@dCNY3.30
020    @aCN@b92006678
100    @a19920727e19921981em y0chiy0121 ea
101 1  @achi@beng@cjpn
102    @aCN@b430000
105    @ay z 000zb
106    @ar
200 10 @a明月中天@Aming yue zhong tian@e拜伦传@Ebai lun zhuan@f(日)鹤见?辅著@F(ri) he jian you fu zhu@g陈秋帆译
210    @a长沙@c湖南文艺出版社@d1992.2
215    @a247页@d19cm
225 2  @a世界名人文学传记丛书@h第一辑
300    @a版权页著者题为:鹤见右辅
314    @a鹤见?辅(1885~1973),本世纪日本知名的作家和评论家
330    @a乔治·戈凳·诺艾尔·拜伦(George Gordon Noel Byron,1788~1824),是19世纪浪漫主义文学首屈一指的代表人物,英国伟大的诗人、革命家,本书叙述了他的生平及创作。
410  0 @120010@a世界名人文学传记丛书
540 1  @a拜伦@Abai lun
606 0  @a历史
606 0  @a地理
690    @aK835.615.6
692    @a46.352
701  0 @a鹤见?辅@Ahe jian you fu@4著
702  0 @a陈秋帆@Achen qiu fan@4译
801  0 @aCN@bNLC@c19920727
905    @f1@b267114@dK835.615.6@e130:HJ@b267112@f1
    
    明月中天:拜伦传/(日)鹤见?辅著/陈秋帆译.-长沙:湖南文艺出版社,1992.2
    247页;19cm.-(世界名人文学传记丛书.第一辑)
    版权页著者题为:鹤见右辅
    
    ISBN 7-5404-0894-4:CNY3.30
    乔治·戈凳·诺艾尔·拜伦(George Gordon Noel Byron,1788~1824),是19世纪浪漫主义文学首屈一指的代表人物,英国伟大的诗人、革命家,本书叙述了他的生平及创作。
●
相关链接 在E读中查询图书 在五车中查询图书 在当当中查询图书 在豆瓣中查询图书


正题名:明月中天     索取号:K835.615.6/130:HJ         预约/预借

序号 登录号 条形码 馆藏地/架位号 状态 备注
1 0267112   001543743   第二借阅区/ [索取号:K835.615.6/130:HJ] 在馆    
2 0267113   202091761   第二样本阅览室/ [索取号:K835.615.6/130:HJ] 在馆    
3 0267114   001543707   第二借阅区/ [索取号:K835.615.6/130:HJ] 在馆    
唐山师范学院图书馆 欢迎您!
大连网信软件有限公司© 版权所有